মুসলিম 'কালচার' (Record no. 18010)

MARC details
000 -LEADER
fixed length control field 00735nam a22001817a 4500
003 - CONTROL NUMBER IDENTIFIER
control field BDDh-ASL
005 - DATE AND TIME OF LATEST TRANSACTION
control field 20231015025653.0
008 - FIXED-LENGTH DATA ELEMENTS--GENERAL INFORMATION
fixed length control field 200917b1928 ||||| |||| 00| 0 d
040 ## - CATALOGING SOURCE
Original cataloging agency BDDh-ASL
Transcribing agency BDDh-ASL
Modifying agency BDDh-ASL
041 ## - LANGUAGE CODE
Language code of text/sound track or separate title bengali
082 ## - DEWEY DECIMAL CLASSIFICATION NUMBER
Classification number 297.01
Item number HAM
100 ## - MAIN ENTRY--PERSONAL NAME
9 (RLIN) 850
Personal name হুসেন, মৌলবী আবুল
245 1# - TITLE STATEMENT
Title মুসলিম 'কালচার'
Statement of responsibility, etc. মৌলবী আবুল হুসেন।
260 ## - PUBLICATION, DISTRIBUTION, ETC.
Place of publication, distribution, etc. ঢাকা:
Name of publisher, distributor, etc. মডার্ণ লাইব্রেরী,
Date of publication, distribution, etc. ১৯২৮।
300 ## - PHYSICAL DESCRIPTION
Extent ৮৫ পৃষ্ঠা:
Dimensions ১৮ সে. মি.।
650 #0 - SUBJECT ADDED ENTRY--TOPICAL TERM
9 (RLIN) 749
Topical term or geographic name entry element ইসলামী সমাজ ব্যবস্থা
General subdivision ইসলাম ধর্ম
942 ## - ADDED ENTRY ELEMENTS (KOHA)
Source of classification or shelving scheme Dewey Decimal Classification
Koha item type Books
Holdings
Withdrawn status Lost status Source of classification or shelving scheme Damaged status Not for loan Collection code Home library Current library Shelving location Date acquired Source of acquisition Total Checkouts Full call number Barcode Date last seen Copy number Price effective from Koha item type Public note
    Dewey Decimal Classification     Non-fiction Asiatic Society Library Asiatic Society Library General Stacks 09/17/2020 Complimentary   297.01 HAM 101155 09/17/2020 C-1 09/17/2020 Books Y-1928

Powered by Koha